Интернеттестирование: кейсзадания: рабочая тетрадь
Написана в соответствии с требованиями Федерального государственного образовательного стандарта высшего образования и рабочей программой курса «Иностранный язык». Ориентирует студента на закрепление теоретических знаний, отработку практических навыков, приобретенных в процессе изучения дисциплины. Р...
Zapisane w:
| 1. autor: | |
|---|---|
| Kolejni autorzy: | , , |
| Format: | Книга |
| Język: | Russian |
| Wydane: |
Омск
СибАДИ
2025
|
| Dostęp online: | https://e.lanbook.com/book/492374 https://e.lanbook.com/img/cover/book/492374.jpg |
| Etykiety: |
Dodaj etykietę
Nie ma etykietki, Dołącz pierwszą etykiete!
|
| LEADER | 02630nam0a2200301 i 4500 | ||
|---|---|---|---|
| 001 | 492374 | ||
| 003 | RuSpLAN | ||
| 005 | 20250620152842.0 | ||
| 008 | 250620s2025 ru gs 000 0 rus | ||
| 040 | |a RuSpLAN | ||
| 041 | 0 | |a rus | |
| 044 | |a ru | ||
| 080 | |a 81.111: 378 | ||
| 084 | |a 81.432.1: 74.58 |2 rubbk | ||
| 245 | 0 | 0 | |a Интернеттестирование: кейсзадания: рабочая тетрадь |c Ефимчук Е. Г.,Кузюкова А. В.,Цыгулева М. В.,Чащина Е. И. |
| 260 | |a Омск |b СибАДИ |c 2025 | ||
| 300 | |a 119 с. | ||
| 504 | |a Библиогр.: доступна в карточке книги, на сайте ЭБС Лань | ||
| 520 | 8 | |a Написана в соответствии с требованиями Федерального государственного образовательного стандарта высшего образования и рабочей программой курса «Иностранный язык». Ориентирует студента на закрепление теоретических знаний, отработку практических навыков, приобретенных в процессе изучения дисциплины. Рекомендована в качестве альтернативного инструмента онлайнтренажера по подготовке к интернеттестированию, а также может быть использована при необходимости повторения данного материала в процессе изучения дисциплины «Иностранный язык» и др. Имеет интерактивное оглавление в виде закладок. Предназначена для студентов всех направлений подготовки и всех форм обучения, изучающих дисциплины гуманитарного цикла в рамках программ бакалавриата и специалитета. Подготовлена на кафедре «Иностранные языки». | |
| 521 | 8 | |a Книга из коллекции СибАДИ - Информатика | |
| 521 | 8 | |a СЭБ | |
| 100 | 1 | |a Ефимчук Е. Г. | |
| 700 | 1 | |a Кузюкова А. В. | |
| 700 | 1 | |a Цыгулева М. В. | |
| 700 | 1 | |a Чащина Е. И. | |
| 856 | 4 | |u https://e.lanbook.com/book/492374 | |
| 856 | 4 | 8 | |u https://e.lanbook.com/img/cover/book/492374.jpg |
| 953 | |a https://e.lanbook.com/img/cover/book/492374.jpg | ||